<?xml version="1.0" encoding="UTF-8"?>
<record
    xmlns:xsi="http://www.w3.org/2001/XMLSchema-instance"
    xsi:schemaLocation="http://www.loc.gov/MARC21/slim http://www.loc.gov/standards/marcxml/schema/MARC21slim.xsd"
    xmlns="http://www.loc.gov/MARC21/slim">

  <leader>00695nam a22001697a 4500</leader>
  <controlfield tag="003">LK-CoMWRAF</controlfield>
  <controlfield tag="005">20240118093223.0</controlfield>
  <controlfield tag="008">231213b        |||||||| |||| 00| 0 eng d</controlfield>
  <datafield tag="040" ind1=" " ind2=" ">
    <subfield code="a">LK-CoMWRAF</subfield>
    <subfield code="d">LK-CoMWRAF</subfield>
    <subfield code="e">LK-CoMWRAF</subfield>
  </datafield>
  <datafield tag="041" ind1=" " ind2=" ">
    <subfield code="a">sin</subfield>
  </datafield>
  <datafield tag="082" ind1=" " ind2=" ">
    <subfield code="a">346.016</subfield>
    <subfield code="b">ZAR</subfield>
  </datafield>
  <datafield tag="100" ind1=" " ind2=" ">
    <subfield code="a">&#xDC2;&#xDBB;&#xDD4;&#xD9A;&#xDCA; &#xD85;&#xDBD;&#xDCA; - &#xD85;&#xDBD;&#xDD2;&#xDB8;&#xDCA; &#xD92;. &#xD86;&#xDBB;&#xDCA;. &#xD91;&#xDB8;&#xDCA;. </subfield>
  </datafield>
  <datafield tag="245" ind1=" " ind2=" ">
    <subfield code="a">&#xDB8;&#xDD4;&#xDC3;&#xDCA;&#xDBD;&#xDD2;&#xDB8;&#xDCA; &#xDC0;&#xDD2;&#xDC0;&#xDCF;&#xDC4; &#xDB1;&#xDD3;&#xDAD;&#xDD2;&#xDBA; &#xDB4;&#xDD2;&#xDC5;&#xDD2;&#xDB6;&#xDB3; &#xDC0;&#xDD2;&#xDC0;&#xDBB;&#xDAB;&#xDBA;&#xD9A;&#xDCA;</subfield>
  </datafield>
  <datafield tag="246" ind1=" " ind2=" ">
    <subfield code="a">Muslim wiwaha neethiya pilibanda wiwaranayak</subfield>
  </datafield>
  <datafield tag="260" ind1=" " ind2=" ">
    <subfield code="a">&#xD9A;&#xDDC;&#xDC5;&#xDB9; :</subfield>
    <subfield code="b">&#xDB8;&#xDD4;&#xDC3;&#xDCA;&#xDBD;&#xDD2;&#xDB8;&#xDCA; &#xD86;&#xD9C;&#xDB8;&#xDD2;&#xD9A; &#xDC4;&#xDCF; &#xDC3;&#xD82;&#xDC3;&#xDCA;&#xD9A;&#xDD8;&#xDAD;&#xDD2;&#xD9A; &#xDAF;&#xDD9;&#xDB4;&#xDCF;&#xDBB;&#xDCA; &#xDAD;&#xDB8;&#xDDA;&#xDB1;&#xDCA;&#xDAD;&#xDD4;&#xDC0;</subfield>
  </datafield>
  <datafield tag="942" ind1=" " ind2=" ">
    <subfield code="c">BK</subfield>
  </datafield>
  <datafield tag="952" ind1=" " ind2=" ">
    <subfield code="0">0</subfield>
    <subfield code="1">0</subfield>
    <subfield code="4">0</subfield>
    <subfield code="7">0</subfield>
    <subfield code="a">MAIN</subfield>
    <subfield code="b">MAIN</subfield>
    <subfield code="d">2023-12-13</subfield>
    <subfield code="l">0</subfield>
    <subfield code="o">346.016 ZAR</subfield>
    <subfield code="p">RAF3485</subfield>
    <subfield code="r">2023-12-13</subfield>
    <subfield code="w">2023-12-13</subfield>
    <subfield code="y">BK</subfield>
  </datafield>
  <datafield tag="952" ind1=" " ind2=" ">
    <subfield code="0">0</subfield>
    <subfield code="1">0</subfield>
    <subfield code="4">0</subfield>
    <subfield code="7">0</subfield>
    <subfield code="a">MAIN</subfield>
    <subfield code="b">MAIN</subfield>
    <subfield code="d">2023-12-13</subfield>
    <subfield code="l">0</subfield>
    <subfield code="o">346.016 ZAR</subfield>
    <subfield code="p">RAF3486</subfield>
    <subfield code="r">2023-12-13</subfield>
    <subfield code="w">2023-12-13</subfield>
    <subfield code="y">BK</subfield>
  </datafield>
  <datafield tag="999" ind1=" " ind2=" ">
    <subfield code="c">4409</subfield>
    <subfield code="d">4409</subfield>
  </datafield>
</record>
